Historia del nacionalismo
-д хадгалсан:
| Үндсэн зохиолч: | |
|---|---|
| Формат: | Ном |
| Хэл сонгох: | испани |
| Хэвлэсэн: |
Ciudad de México
Fondo de Cultura Económica
1949
|
| Нөхцлүүд: | |
| Шошгууд: |
Шошго нэмэх
Шошго байхгүй, Энэхүү баримтыг шошголох эхний хүн болох!
|
MARC
| LEADER | 00000nam a2200000 a 4500 | ||
|---|---|---|---|
| 001 | UCP6590 | ||
| 003 | CL-VaPUC | ||
| 008 | 991029e19490000MX |||||||||||||||||spa|d | ||
| 082 | 0 | 4 | |a 320.54 |b KOH |2 21 |
| 100 | |a Kohn, Hans |e author |9 586314 | ||
| 245 | 1 | 0 | |a Historia del nacionalismo |
| 300 | |a 631 p | ||
| 942 | |c BK | ||
| 945 | |d 19991029 00:00:00 |a crobeson | ||
| 260 | |a Ciudad de México |b Fondo de Cultura Económica |c 1949 | ||
| 650 | 7 | |a NACIONALISMO |2 CL-VaPUC |9 435778 | |
| 650 | 7 | |a NACIONALISMO HISTORIA |2 CL-VaPUC |9 435779 | |
| 650 | 0 | |a Ideologías políticas |9 255735 | |
| 650 | 7 | |a CARACTER NACIONAL |2 CL-VaPUC |9 338170 | |
| 650 | 7 | |a ESTRUCTURA SOCIAL |2 CL-VaPUC |9 435780 | |
| 650 | 7 | |a CLASE MEDIA |2 CL-VaPUC |9 255144 | |
| 650 | 7 | |a CONCIENCIA NACIONAL |2 CL-VaPUC |9 338171 | |
| 650 | 0 | |a Ilustración |9 313124 | |
| 650 | 7 | |a NACIONALISMO CULTURAL |2 CL-VaPUC |9 319129 | |
| 650 | 7 | |a UNIVERSALISMO |2 CL-VaPUC |9 369411 | |
| 583 | |a last modification |c 19991029 00:00:00 |k Rodrigo Vera | ||
| 999 | |c 284097 |d 284095 | ||
| 952 | |0 0 |1 0 |4 0 |6 320_540000000000000_KOH_1949 |7 0 |8 X |9 327845 |a BIBHIS |b BIBHIS |d 2019-11-20 |i 1370790 |o 320.54 KOH 1949 |p 1370790 |r 2024-01-30 |w 2019-11-20 |y BK_X |k HIS | ||
| 952 | |0 0 |1 0 |4 0 |6 320_540000000000000_KOH_1949 |7 0 |8 X |9 327846 |a BIBHIS |b BIBHIS |d 2019-11-20 |i 1370804 |o 320.54 KOH 1949 |p 1370804 |r 2024-01-30 |w 2019-11-20 |y BK_X |k HIS | ||